<?xml version="1.0" encoding="UTF-8"?><?xml-stylesheet type="text/xsl" href="static/style.xsl"?><OAI-PMH xmlns="http://www.openarchives.org/OAI/2.0/" xmlns:xsi="http://www.w3.org/2001/XMLSchema-instance" xsi:schemaLocation="http://www.openarchives.org/OAI/2.0/ http://www.openarchives.org/OAI/2.0/OAI-PMH.xsd"><responseDate>2026-04-17T02:37:03Z</responseDate><request verb="GetRecord" identifier="oai:www.recercat.cat:2099.1/25922" metadataPrefix="marc">https://recercat.cat/oai/request</request><GetRecord><record><header><identifier>oai:recercat.cat:2099.1/25922</identifier><datestamp>2025-07-17T15:19:36Z</datestamp><setSpec>com_2072_1033</setSpec><setSpec>col_2072_452951</setSpec></header><metadata><record xmlns="http://www.loc.gov/MARC21/slim" xmlns:dcterms="http://purl.org/dc/terms/" xmlns:xsi="http://www.w3.org/2001/XMLSchema-instance" xmlns:doc="http://www.lyncode.com/xoai" xsi:schemaLocation="http://www.loc.gov/MARC21/slim http://www.loc.gov/standards/marcxml/schema/MARC21slim.xsd">
   <leader>00925njm 22002777a 4500</leader>
   <datafield ind2=" " ind1=" " tag="042">
      <subfield code="a">dc</subfield>
   </datafield>
   <datafield ind2=" " ind1=" " tag="720">
      <subfield code="a">Ortuño Sierra, Aida</subfield>
      <subfield code="e">author</subfield>
   </datafield>
   <datafield ind2=" " ind1=" " tag="260">
      <subfield code="c">2014-06</subfield>
   </datafield>
   <datafield ind2=" " ind1=" " tag="520">
      <subfield code="a">Uno de los sectores de actividad que va creciendo cada vez más es el servicio de limpieza, donde&#xd;
poco a poco se va convirtiendo en uno de los sectores con bastante ocupación laboral de los últimos&#xd;
tiempos. El motivo de este crecimiento se basa en la aparición de una necesidad tanto para las empresas,&#xd;
ya sean públicas o privadas, como para los hogares.&#xd;
La limpieza es uno de los primeros sectores en exteriorizarse, ya que este mercado camina hacia&#xd;
una mayor ampliación, tanto en los servicios prestados a empresas como a aquellos que se prestan a&#xd;
particulares, y a largo plazo tiene una estabilidad asegurada debido a la demanda.&#xd;
Asimismo, es importante destacar que en todos los lugares de trabajo donde se realizan labores de&#xd;
limpieza se hace difícil garantizar la seguridad y salud de los trabajadores. Sin embargo, esta situación&#xd;
puede mejorar si se estudian las condiciones laborales de estos empleados. Realizar la Prevención&#xd;
de Riesgos Laborales en este sector es importante para poder garantizar la seguridad y salud de&#xd;
los mismos.&#xd;
Este proyecto se basa en la identificación de los diversos riesgos que aparecen en un puesto de trabajo&#xd;
como es el del sector de la limpieza y llevar a cabo una serie de medidas preventivas y correctoras&#xd;
para eliminar o reducir el riesgo y conseguir que el lugar de trabajo sea más confortable para&#xd;
el trabajador.&#xd;
Para ello, se realizará un análisis del puesto de trabajo mediante un método de evaluación para identificar&#xd;
los diversos movimientos repetitivos que efectúa una trabajadora. Este método empleado será&#xd;
el Check-list OCRA que evalúa todas aquellas tareas ejecutadas durante toda la jornada laboral o&#xd;
parte de ésta llevando a cabo movimientos repetitivos.&#xd;
Las tareas que se evaluarán serán las de barrer, fregar y la limpieza de cristales de una comunidad&#xd;
de vecinos donde la empleada presta habitualmente sus servicios.&#xd;
La finalidad de esta evaluación es comprobar si existe alguna clase de riesgo en el puesto de trabajo&#xd;
y qué medidas preventivas y correctoras llevar a cabo en el caso de que las haya.</subfield>
   </datafield>
   <datafield tag="653" ind2=" " ind1=" ">
      <subfield code="a">Àrees temàtiques de la UPC::Economia i organització d'empreses::Seguretat industrial::Prevenció de riscos laborals</subfield>
   </datafield>
   <datafield tag="653" ind2=" " ind1=" ">
      <subfield code="a">Cleaning personnel -- Health and hygiene</subfield>
   </datafield>
   <datafield tag="653" ind2=" " ind1=" ">
      <subfield code="a">Industrial hygiene</subfield>
   </datafield>
   <datafield tag="653" ind2=" " ind1=" ">
      <subfield code="a">Industrial safety</subfield>
   </datafield>
   <datafield tag="653" ind2=" " ind1=" ">
      <subfield code="a">Occupational Diseases</subfield>
   </datafield>
   <datafield tag="653" ind2=" " ind1=" ">
      <subfield code="a">Personal de neteja -- Salut i higiene</subfield>
   </datafield>
   <datafield tag="653" ind2=" " ind1=" ">
      <subfield code="a">Salut en el treball</subfield>
   </datafield>
   <datafield tag="653" ind2=" " ind1=" ">
      <subfield code="a">Seguretat en el treball</subfield>
   </datafield>
   <datafield tag="653" ind2=" " ind1=" ">
      <subfield code="a">Malalties professionals</subfield>
   </datafield>
   <datafield ind2="0" ind1="0" tag="245">
      <subfield code="a">Método Check-list OCRA( Puesto de trabajo de limpiadora)</subfield>
   </datafield>
</record></metadata></record></GetRecord></OAI-PMH>